| 000 | 00521cam a2200193 a 4500 | ||
|---|---|---|---|
| 020 | _a007365728X | ||
| 040 | _cDLC | ||
| 082 | 0 | 0 | _a370 BOS 2000 A077 Or. |
| 100 | 1 | _aFraenkel, Jack R., | |
| 245 | 1 | 0 | _aHow to design and evaluate research in education / |
| 250 | _a4th ed. | ||
| 260 |
_aBoston : _bMcGraw-Hill, _cc2000. |
||
| 300 |
_axx, 684 p. : _bill. ; _c27 cm. |
||
| 650 | 0 | _aEducation | |
| 650 | 0 | _aEducation | |
| 650 | 0 | _aProposal writing in educational research. | |
| 700 | 1 | _aWallen, Norman E. | |
| 942 | _cEK | ||
| 999 |
_c15397 _d15397 |
||